| 000 | 00991cab a2200205 4500 | ||
|---|---|---|---|
| 001 | ABS67633 | ||
| 008 | 040401n2004 000 0 eng u | ||
| 035 | _a(Sirsi) u125706 | ||
| 100 | _aFox, A. | ||
| 245 | _aAre landlords' fears justified? | ||
| 260 | _c2004 | ||
| 490 |
_aJournal of the Law Society of Scotland _v49(3) March 2004, 56(1) |
||
| 520 | _aAttempts to clarify the new obligations of landlords relating to fixed equipment, following the new forms of tenancy introduced by the Agricultural Holdings (Scotland) Act 2003 s16. Short limited and limited duration tenancies will now have obligations to provide fixed equipment which enables an occupier reasonably skilled in husbandry to maintain production. | ||
| 590 | _aABS | ||
| 650 | _aAGRICULTURAL HOLDINGS (SCOTLAND) ACT 2003 | ||
| 650 | _aFIXED EQUIPMENT MODEL CLAUSES | ||
| 650 | _aPROPERTY-LANDLORD AND TENANT-TENANCIES-AGRICULTURAL TENANCIES | ||
| 690 | _aLANDLORD AND TENANT-AGRICULTURAL TENANCIES | ||
| 942 | _n0 | ||
| 999 |
_c74339 _d74339 |
||